000 00274nam a2200133Ia 4500
003 SGT
082 _a615.4
_bP10W
100 _aWARIING, EDWARD JOHN
245 _aPHARMACOPOEIA OF INDIA
260 _bASIATE PUB
300 _a502
650 _aPHARMACEUTICS
942 _2ddc
_cBK
999 _c7212
_d7212